000 00855nmm a2200277 a 4500
001 ocm000598918
003 TR-IsHL
005 20201028131200.0
008 131010s2012 tu tur
007 cr cn
020 _a9786054392544
035 _a598918
_b(N$T)
050 0 4 _aPL248.A57
_bA74 2012
090 0 4 _aPL248.A57
_bA74 2012
100 1 _aAltunkaynak, Recep
245 1 0 _aAşk ve yalnızlık
_h[electronic resource] /
_cRecep Altunkaynak
250 _a1.bs.
260 _aKonya :
_bEğitim Akademi Yayınevi,
_c2012
300 _a112 p.
650 4 _aDil ve Edebiyat
650 4 _aLanguage and Literature
650 0 _aTürk şiiri
650 0 _aTurkish poetry
650 7 _aLITERARY COLLECTIONS / Middle Eastern
_2bisacsh
856 4 0 _uhttp://search.ebscohost.com/login.aspx?direct=true&scope=site&db=e011xww&AN=598918
999 _c4423
_d4423